Responses for Show #4445 - Friday, December 26, 2003

Game data retrieved from an alternate archive.

Contestants

[<< previous game]

Jennifer Pelletier, a mother and small business owner from Norwalk, Connecticut

John Salmon, a computer programmer from Altadena, California

Jamie Aliperti, a legal aid attorney from Atlanta, Georgia (whose 1-day cash winnings total $11,600)

[next game >>]

Jeopardy! Round responses

ENGINEERING
WHICH TV SHOW CAME FIRST?
COLLEGES & UNIVERSITIES
PATRON SAINTS
TOPLESS JEOPARDY!
"O" MY!
    $200 6
the Thames

John
    $200 1
I Love Lucy

Jennifer
    $200 14
Princeton

Jennifer
    $200 23
fiddlers

Triple Stumper
    $200 8
a giraffe

Jamie
    $200 13
(Jennifer: What is the oboe?)

the organ

JamieJennifer
    $400 7
Donald Trump

Jamie
    $400 2
Howdy Doody

Jamie
    $400 15
USC

John
    $400 24
brooms

John
    $400 9
Condoleezza Rice

Jennifer
    $400 19
Orlando

Jamie
    $600 16
Boston

Jennifer
    $600 3
The Today Show

John
    $600 21
Amherst

John
    $600 25
rats

Jamie
    $600 10
Mao Tse Tung

Jamie
    $600 20
outhouses

Triple Stumper
    $800 17
Portugal

John
    $800 4
(Jamie: What is Hogan's Heroes?)

Gilligan's Island

JamieJennifer
    $4,600 22
Notre Dame

John
    $800 26
keys

John
    $800 11
Henry VIII

Jennifer
    $800 27
oil

John
    $1000 18
the Pyramids

John
    $1000 5
(Jamie: What is Phyllis?)

Rhoda

JamieJohn
    $1000 30
Oregon

John
    $1000 29
arrows

John
    $1000 12
Mahatma Gandhi

Jamie
    $1000 28
Mel Ott

John

Scores at the first commercial break (after clue 15):

Jamie John Jennifer
$1,000 $2,200 $2,200

Scores at the end of the Jeopardy! Round:

Jamie John Jennifer
$2,000 $14,200 $2,800

Double Jeopardy! Round responses

SHAKESPEAREANA
POTENTATES
THE EMPIRE STATE BUILDING
ROCK & ROLL BOOKSTORE
PEAKING AT NAMES
5-LETTER WORDS
    $400 8
Hamlet

Jamie
    $400 10
Egypt

Jennifer
    $400 1
(Jamie: What is a dirigible? What is a zeffelin?)

zeppelins

Jamie
Triple Stumper
    $400 5
John Lennon

John
    $400 6
Everest

John
    $400 7
strum

John
    $800 9
The Comedy of Errors

John
    $800 22
(Jennifer: What is the Democratic Republic of Congo?)

Central African Empire

JamieJennifer
    $800 2
Frank Sinatra

Jamie
    $800 17
Elvis Presley

Jennifer
    $800 14
New Zealand

John
    $800 15
the wrist

John
    $1200 11
Arden

Jamie
    $1200 28
Kaiser Wilhelm II

Triple Stumper
    $2,200 3
Fay Wray

Jamie
    $1200 18
Bob Dylan

Triple Stumper
    $1200 24
Logan

Triple Stumper
    $1200 16
atone

Triple Stumper
    $1600 12
Bardolatry

Jamie
    $1600 29
(Jamie: What is Eric?)
...
[The end-of-round signal sounds.]

Frederick

Jamie
Triple Stumper
    $1600 4
the Waldorf-Astoria

John
    $1600 19
Guns N' Roses

Triple Stumper
    $1,200 25
Colombia

John
    $1600 20
prior

Triple Stumper
    $2000 13
quartos

Jamie
    $2000 23
Andy Warhol

John
    $2000 27
Tupac Shakur

Triple Stumper
    $2000 26
New Hampshire

Jennifer
    $2000 21
rugby

John

Scores at the end of the Double Jeopardy! Round:

Jamie John Jennifer
$9,000 $24,600 $5,200
(lock game)

[wagering suggestions for these scores]

Final Jeopardy! Round responses

SEASONAL CHARACTERS
[Final Jeopardy! responses approximate.]
JenniferWhat is Rudolph?
$5,199
JamieWhat is Rudolph?
$1,401
JohnWhat is Rudolph?
$6,600
Rudolph

Final scores:

Jamie John Jennifer
$10,401 $31,200 $10,399
2nd place: $2,000 New champion: $31,200 3rd place: $1,000

Game dynamics:

Coryat scores:

Jamie John Jennifer
$8,000 $21,200 $5,200
15 R
(including 1 DD),
4 W
24 R
(including 2 DDs),
0 W
9 R,
2 W

Combined Coryat: $34,400

[game clues] [game scores] [suggest correction]

Game tape date: 2003-10-22
The J! Archive is created by fans, for fans. Scraping, republication, monetization, and malicious use prohibited; this site may use cookies and collect identifying information. See terms. The Jeopardy! game show and all elements thereof, including but not limited to copyright and trademark thereto, are the property of Jeopardy Productions, Inc. and are protected under law. This website is not affiliated with, sponsored by, or operated by Jeopardy Productions, Inc. Join the discussion at JBoard.tv.